Greek Nouns - Masculine, Feminine or Neutral? - Statistics

General Stats
  • This quiz has been taken 24 times
  • The average score is 13 of 21
Answer Stats
Hint Extra Hint Answer % Correct
Θεός God 🚹Masculine
93%
Γυναίκα Woman 🚺Feminine
86%
Μέλισσα Bee 🚺Feminine
79%
Άντρας Man 🚹Masculine
79%
Γκρεμός Cliff 🚹Masculine
79%
Γαλλία France 🚺Feminine
71%
Σκαντζόχοιρος
Hedgehog 🚹Masculine
71%
Καρέκλα Chair 🚺Feminine
64%
Ελλάδα Greece 🚺Feminine
64%
Καρδιά Heart 🚺Feminine
64%
Γενέθλια Birthday 🚻Neutral
64%
Φωτιά Fire 🚺Feminine
57%
Καναδάς Canada 🚹Masculine
57%
Γάμος Wedding 🚹Masculine
57%
Αρκούδα Bear 🚺Feminine
50%
Δολοφονία Murder 🚺Feminine
50%
Καρχαρίας Shark 🚹Masculine
50%
Ουρανοξύστης Skyscraper 🚹Masculine
50%
Πόλη City 🚺Feminine
43%
Μήνυση Lawsuit 🚺Feminine
43%
Νερό Water 🚻Neutral
29%
No matching quizzes found
Score Distribution
Percent of People with Each Score
Percentile by Number Answered
Your Score History
You have not taken this quiz